000 00545nam a2200133Ia 4500
008 100328s9999 xx 000 0 und d
082 _b43860
100 _aखान रमजान आणि खान महमद
245 _aराजा चंद्रसेन आणि काळा चाफा
260 _bसमाजशिक्षण
630 _aराजा चंद्रसेन आणि काळा चाफा
730 _aराजा चंद्रसेन आणि काळा चाफा
942 _cBOOK
999 _c532178
_d532175